000
00253nam a2200097Ia 4500
001
1095141
005
20250827003009.0
008
250824s9999 xx 000 0 und d
245
0
_a
SANAT UZUN HAYAT KISA
_c
ZÜLFÜ LİVANELİ
260
_b
REMZİ KİTABEVİ
999
_c
1095141
_d
1095141